vufinder Bibliothèque Municipale de Charleval de Provence
Se connecter

Electricité

réaliser son installation par soi-même

Book Cover
Auteur principal: Thierry Gallauziaux
D'autres auteurs: David Fedullo
Support: Livres
Langue: Francais
Genre: Documentaire
Sujets:
Étiquettes: Ajouter
Pas de Tags !

LEADER 00966nam0a2200205 450
001 16848319
010 |a 978-2-212-67455-2  |b br.  |d 19,9 € 
100 |a 20170823d2017 u u0frey01 ba 
101 0 |a fre 
102 |a FR 
200 0 |a Electricité  |e réaliser son installation par soi-même  |f Thierry Gallauziaux, David Fedullo 
205 |a 4e édition 
207 1 |a   
215 |a 1 vol. (217 p.)  |c illustrations en couleur  |d 22 x 17 cm 
330 |a Présentation des techniques pour concevoir et réaliser une installation électrique domestique fonctionnelle et adaptée aux normes, sans avoir recours à un professionnel. A jour des modifications induites par les amendements et décrets de 2015 et 2016 dans la norme NF C 15-100. 
700 0 |a Gallauziaux  |b Thierry  |4 70 
701 0 |a Fedullo  |b David  |4 70 
900 |a Documentaire 
901 |a Accessible au prêt 
995 |a Bibliothèque  |c Bibliothèque  |f 00156010823136  |h 00156010823136  |k 697 GAL  |o p  |q a  |r az  |e Bibliothèque 

Options de recherche

Historique de recherche
Recherche avancée

Trouver plus

Nouveautés

Besoin d'aide ?

Contacter un bibliothécaire